Statistiche per Capitali del mondo che iniziano con la G

Clicka qui per fare il quiz!

Statistiche generali

  • Questo quiz è stato fatto 498 volte
    (409 dall'ultimo reset)
  • Il punteggio medio è 4 su 7

Statistiche sulle risposte

Risposte% Corretto
Giacarta
70%
Georgetown
66%
Gibuti
65%
Guatemala City
54%
Gaborone
51%
Gerusalemme
50%
Gitega
45%

Distribuzione punteggi

Percentile per numero di risposta

Percentuale di utenti per punteggio

I tuoi punteggi nel tempo

Non hai fatto questo quiz dall'ultimo reset